|
000
|
01342nam 2200265 450
|
|
001
|
012025000173
|
|
005
|
20251119100719.6
|
|
010
|
|
@a978-7-5594-9063-6@dCNY49.80
|
|
100
|
|
@a20250306d2024 em y0chiy50 ea
|
|
101
|
0
|
@achi
|
|
102
|
|
@aCN@b320000
|
|
105
|
|
@aaf z 000ay
|
|
106
|
|
@ar
|
|
200
|
1
|
@a千劫眉@Aqian jie mei@h4@i不予天愿@f藤萍著
|
|
210
|
|
@a南京@c江苏凤凰文艺出版社@d2024.12
|
|
215
|
|
@a265页, [1] 叶图版@c彩图@d21cm
|
|
314
|
|
@a藤萍, 中国作协会员。中山大学法学院毕业, 一级警长。第四届茅盾新人奖网络文学奖获奖者2018年荣获第三届橙瓜网络文学奖作家奖“百强大神”, 武侠大师温瑞安曾亲自为其作品《香初上舞》作序。
|
|
330
|
|
@a本书讲述了唐俪辞一行人的江湖恩怨故事。前三部中讲诉了唐俪辞寻找朋友方周的墓穴时意外发现了江湖邪教组织“风流店”制作禁药“九心丸”之事, 为了调查“九心丸”唐俪辞带领武林正道与风流店展开了激战, 第四部中唐俪辞与昔日好友柳眼解除了误会, 唐俪辞因陈年旧伤身体出现了极大的问题, 更强大的敌人“鬼牡丹”现身, 唐俪辞联合沈朗魂、方平斋等人保护柳眼不被鬼牡丹抓走, 九心丸之谜渐渐浮出水面, 江湖大战在所难免。
|
|
517
|
1
|
@a不予天愿@Abu yu tian yuan
|
|
606
|
0
|
@a侠义小说@Axia yi xiao shuo@y中国@z当代
|
|
606
|
0
|
@a长篇小说@Achang pian xiao shuo@y中国@z当代
|
|
690
|
|
@aI2408@v5
|
|
701
|
0
|
@a藤萍@Ateng ping@4著
|
|
801
|
0
|
@aCN@bCDNYKJZYXY@c20250306
|
|
905
|
|
@aCDNYKJZYXY@b300737797-99@dI2408@e221@f3
|
|
|
|
|
| |
| 千劫眉.4.不予天愿/藤萍著.-南京:江苏凤凰文艺出版社,2024.12 |
| 265页, [1] 叶图版:彩图;21cm |
| |
| |
| ISBN 978-7-5594-9063-6:CNY49.80 |
| 本书讲述了唐俪辞一行人的江湖恩怨故事。前三部中讲诉了唐俪辞寻找朋友方周的墓穴时意外发现了江湖邪教组织“风流店”制作禁药“九心丸”之事, 为了调查“九心丸”唐俪辞带领武林正道与风流店展开了激战, 第四部中唐俪辞与昔日好友柳眼解除了误会, 唐俪辞因陈年旧伤身体出现了极大的问题, 更强大的敌人“鬼牡丹”现身, 唐俪辞联合沈朗魂、方平斋等人保护柳眼不被鬼牡丹抓走, 九心丸之谜渐渐浮出水面, 江湖大战在所难免。 |
| ● |
正题名:千劫眉
索取号:I2408/221
 
预约/预借
| 序号
|
登录号
|
条形码
|
馆藏地/架位号
|
状态
|
备注
|
|
1
|
737797
|
300737797
|
流通一库三楼/
[索取号:I2408/221]
|
在馆
|
|
|
2
|
737798
|
300737798
|
流通一库三楼/
[索取号:I2408/221]
|
在馆
|
|
|
3
|
737799
|
300737799
|
流通一库三楼/
[索取号:I2408/221]
|
在馆
|
|